Eyes Wide Open (Record no. 334881)

MARC details
000 -LEADER
fixed length control field 00485nam a2200169Ia 4500
008 - FIXED-LENGTH DATA ELEMENTS--GENERAL INFORMATION
fixed length control field 230718s9999 xx 000 0 und d
020 ## - INTERNATIONAL STANDARD BOOK NUMBER
International Standard Book Number 978007532971
041 ## - LANGUAGE CODE
Language code of text/sound track or separate title eng
082 ## - DEWEY DECIMAL CLASSIFICATION NUMBER
Classification number 158.1
Item number HER
100 ## - MAIN ENTRY--PERSONAL NAME
Personal name Hertz N.
9 (RLIN) 195482
245 ## - TITLE STATEMENT
Title Eyes Wide Open
Remainder of title How To Make Smart Decisions In A Confusing World
260 ## - PUBLICATION, DISTRIBUTION, ETC. (IMPRINT)
Date of publication, distribution, etc. 2013
Name of publisher, distributor, etc. William Collins
300 ## - PHYSICAL DESCRIPTION
Extent 344
365 ## - TRADE PRICE
Currency code Rs.
Price amount 399.00
700 ## - ADDED ENTRY--PERSONAL NAME
Personal name Hertz N.
9 (RLIN) 195482
906 ## - LOCAL DATA ELEMENT F, LDF (RLIN)
d O:0366822-Jan-2014B:477019-Dec-2013
c GENRL
b 87.78
Holdings
Withdrawn status Lost status Damaged status Not for loan Home library Current library Date acquired Vendor Budget Code Cost, normal purchase price Bill number Total Checkouts Full call number Barcode Date last seen Date last checked out Discount Cost, replacement price Bill Date Koha item type Original Barcode
        Cummins College of Engineering for Women Pune Cummins College of Engineering for Women Pune 22/01/2014 Technical Book Services GENRL 311.22 4770 1 158.1 CCEP-BK-46088 18/03/2025 04/03/2025 87.78 399.00 19/12/2013 Books 046088